<?xml version="1.0" encoding="UTF-8"?>
<record
    xmlns:xsi="http://www.w3.org/2001/XMLSchema-instance"
    xsi:schemaLocation="http://www.loc.gov/MARC21/slim http://www.loc.gov/standards/marcxml/schema/MARC21slim.xsd"
    xmlns="http://www.loc.gov/MARC21/slim">

  <leader>00603    a2200181   4500</leader>
  <controlfield tag="001">142480</controlfield>
  <datafield tag="040" ind1=" " ind2=" ">
    <subfield code="c">Leonardo Da Vinci</subfield>
  </datafield>
  <datafield tag="041" ind1=" " ind2=" ">
    <subfield code="a">Portugu&#xEA;s</subfield>
  </datafield>
  <datafield tag="082" ind1=" " ind2=" ">
    <subfield code="a">v218</subfield>
  </datafield>
  <datafield tag="100" ind1=" " ind2=" ">
    <subfield code="a">EDUCACIONAL SHOP VIDEO</subfield>
  </datafield>
  <datafield tag="245" ind1=" " ind2=" ">
    <subfield code="a">Eletromagnetismo</subfield>
  </datafield>
  <datafield tag="250" ind1=" " ind2=" ">
    <subfield code="a">v.1-2</subfield>
  </datafield>
  <datafield tag="260" ind1=" " ind2=" ">
    <subfield code="b">ESV</subfield>
    <subfield code="a">S&#xE3;o Paulo</subfield>
  </datafield>
  <datafield tag="490" ind1=" " ind2=" ">
    <subfield code="a">TV Ontario</subfield>
  </datafield>
  <datafield tag="520" ind1=" " ind2=" ">
    <subfield code="a">A descoberta das propriedades magn&#xE9;ticas do &#xED;m&#xE3;, levaram &#xE0;
compreens&#xE3;o cient&#xED;fica do campo magn&#xE9;tico da Terra</subfield>
  </datafield>
  <datafield tag="697" ind1=" " ind2=" ">
    <subfield code="a">F&#xED;sica</subfield>
    <subfield code="a">Eletromagnetismo</subfield>
    <subfield code="a">Campo magn&#xE9;tico</subfield>
    <subfield code="a">Terra</subfield>
    <subfield code="a">Magnetismo</subfield>
    <subfield code="a">El&#xE9;trons</subfield>
    <subfield code="a">Motor</subfield>
    <subfield code="a">Indu&#xE7;&#xE3;o eletromagn&#xE9;tica</subfield>
    <subfield code="a">Vida no campo</subfield>
  </datafield>
  <datafield tag="942" ind1=" " ind2=" ">
    <subfield code="c">VM</subfield>
  </datafield>
  <datafield tag="952" ind1=" " ind2=" ">
    <subfield code="0">0</subfield>
    <subfield code="1">0</subfield>
    <subfield code="4">0</subfield>
    <subfield code="7">0</subfield>
    <subfield code="a">72.1</subfield>
    <subfield code="b">72.1</subfield>
    <subfield code="d">2024-03-27</subfield>
    <subfield code="l">0</subfield>
    <subfield code="o">v218</subfield>
    <subfield code="p">A0225LVA</subfield>
    <subfield code="r">2024-03-27 22:46:59</subfield>
    <subfield code="w">2024-03-27</subfield>
    <subfield code="y">VM</subfield>
  </datafield>
  <datafield tag="999" ind1=" " ind2=" ">
    <subfield code="c">142480</subfield>
    <subfield code="d">142480</subfield>
  </datafield>
</record>
